000 00622cam a22002293a 4500
001 26024
003 PGUSA
005 20140828083547.0
008 080711s2008||||xxu|||||s|||||000 | eng d
040 _aPGUSA
_beng
042 _adc
050 4 _aPR
100 1 _aPain, Barry,
_d1864-1928
245 1 0 _aMarge Askinforit
_h[electronic resource] /
_cBarry Pain
260 _bProject Gutenberg,
_c2008
506 _aPublic domain in the USA.
516 _aElectronic text
653 _aAsquith, Margot, 1864-1945
830 0 _aProject Gutenberg
_v26024
856 4 0 _uhttp://www.gutenberg.org/ebooks/26024
942 _cEB
999 _c255279
_d255279